000
00296nam a2200121Ia 4500
008
220216s9999 xx 000 0 und d
100
_a
Chandy B
245
0
_a
Rubberinangalude uthpadanakshamatha kurayunnuvo ?
260
_b
Rubber
_c
2015
300
_a
9-Jul
700
_a
George K T
942
_c
BS
999
_c
49764
_d
49764